00618 2200205 4500001002100000005001500021035002000036007000300056008004100059082001000100084001400110245012800124250002200252260004800274300003500322600002200357110001100379990001100390990001100401INLIS00000000000895520240910093700 a0010-0621000023ta240910 g 0 ind  a342.7 a342.7 PAN1 aPanduan Pemasyarakatan Undang-Undang Dasar Negara Republik Indonesia Tahun 1945 dan Ketetapan MPR RI edisi Revisi /cMPR RI aed.revisi, cet.11 aJakarta :bSekretiat Jenderal MPR RI,c2012 axvi, 293 hlm :bilus. ;c24 cm 4aHUKUM TATA NEGARA aMPR RI a8062 c a8062 c